| 000 | 00433nam a2200169Ia 4500 | ||
|---|---|---|---|
| 003 | GCL | ||
| 008 | 140319s9999 xx 000 0 ara d | ||
| 040 |
_aGCL / _cGCL |
||
| 082 | 0 | 4 |
_a811.9 _bا ع |
| 100 | 1 | _aاحمد فؤاد نجم | |
| 245 | 1 | 0 |
_aعيون الكلام / _cاحمد فؤاد نجم |
| 300 | _a125 ص | ||
| 490 | _a | ||
| 650 | 0 | 4 | _aالشعر |
| 650 | 0 | 4 | _aالشعر الشعبى المصرى |
| 942 |
_2ddc _cBK |
||
| 999 |
_c40176 _d40176 |
||